[Event "Eesti MV valik"]
[Site "?"]
[Date "2004.??.??"]
[Round "?"]
[White "Kukk, Sander"]
[Black "Zhavoronkov, Vladimir"]
[Result "0-1"]
[WhiteElo "1989"]
[BlackElo "2397"]
[PlyCount "48"]

1. e4 c5 2. Nf3 Nc6 3. d4 cxd4 4. Nxd4 Qc7 5. Nc3 e6 6. Be3 Nf6 7. f4 d6 8. Qd2
a6 9. Be2 Be7 10. g4 Nxd4 11. Bxd4 e5 12. Be3 Bxg4 13. Bxg4 Nxg4 14. Nd5 Bh4+
15. Kd1 Qc4 16. Rg1 Rc8 17. c3 Qxe4 18. Rxg4 Qf3+ 19. Qe2 Qxd5+ 20. Bd4 Bf6 21.
Kc2 O-O 22. Bf2 e4 23. Rag1 Qxa2 24. R1g3 Bxc3 0-1

[Event "Eesti MV valik"]
[Site "?"]
[Date "2004.??.??"]
[Round "?"]
[White "Seeman, Tarvo"]
[Black "Jezov, Roman"]
[Result "1-0"]
[WhiteElo "2449"]
[BlackElo "1986"]
[PlyCount "77"]

1. Nf3 d5 2. g3 g6 3. Bg2 Bg7 4. O-O e5 5. d3 Ne7 6. e4 Nbc6 7. exd5 Nxd5 8.
Re1 O-O 9. Nc3 Nxc3 10. bxc3 Qd6 11. a4 Rd8 12. Ba3 Qf6 13. Nd2 Bf5 14. Ne4
Bxe4 15. Bxe4 Qe6 16. c4 f5 17. Bd5 Rxd5 18. cxd5 Qxd5 19. Bb2 Rd8 20. Qb1 g5
21. Bc3 b6 22. Qa2 Qxa2 23. Rxa2 a5 24. Rb2 Kf7 25. Kg2 g4 26. h3 h5 27. hxg4
hxg4 28. Rb3 Nd4 29. Bxd4 Rxd4 30. Rc3 Rd7 31. Rc6 Bf6 32. f3 Rd4 33. Rxc7+ Kg6
34. Rc6 gxf3+ 35. Kxf3 Kg5 36. Rb1 Rxa4 37. Rbxb6 e4+ 38. Kg2 Bd8 39. Rg6+ 1-0

[Event "Eesti MV valik"]
[Site "?"]
[Date "2004.??.??"]
[Round "?"]
[White "Halapjan, Vitali"]
[Black "Veingold, Aleksander"]
[Result "0-1"]
[WhiteElo "1920"]
[BlackElo "2473"]
[PlyCount "76"]

1. e4 c5 2. Nf3 d6 3. d4 cxd4 4. Nxd4 Nf6 5. Nc3 Nc6 6. Bc4 e6 7. O-O Be7 8.
Be3 O-O 9. f4 d5 10. exd5 exd5 11. Be2 Re8 12. Bf2 Bc5 13. Bf3 Nxd4 14. Bxd4
Qb6 15. Bxc5 Qxc5+ 16. Kh1 Be6 17. Ne2 Bf5 18. Nd4 Be4 19. c3 Re7 20. Be2 a6
21. Qd2 Rae8 22. Rae1 h6 23. a3 Qc8 24. f5 Re5 25. Qf4 Bd3 26. Qf2 Bxe2 27.
Rxe2 Rxe2 28. Nxe2 Ng4 29. Qf3 Ne3 30. Rf2 Qxf5 31. Qxf5 Nxf5 32. g4 Ne3 33.
Nf4 Nxg4 34. Rd2 Nf6 35. Kg1 Re5 36. Ne2 g5 37. Nd4 Kg7 38. Rf2 Kg6 0-1

[Event "Eesti MV valik"]
[Site "?"]
[Date "2004.??.??"]
[Round "?"]
[White "Seeman, Tarvo"]
[Black "Vovk, Ilja"]
[Result "1-0"]
[WhiteElo "2449"]
[BlackElo "2177"]
[PlyCount "117"]
[EventDate "2006.??.??"]

1. g3 g6 2. Bg2 Bg7 3. d3 d5 4. Nf3 Nc6 5. O-O e5 6. e4 Nge7 7. exd5 Nxd5 8.
Re1 O-O 9. Nc3 Nxc3 10. bxc3 e4 11. Rxe4 Bxc3 12. Rb1 Bf5 13. Rc4 Bf6 14. Bh6
Re8 15. Qd2 Be6 16. Re4 Rb8 17. Qf4 Bg7 18. Rbe1 Ne7 19. Bxg7 Kxg7 20. Rxe6
fxe6 21. Ng5 Nf5 22. Nxe6+ Kg8 23. Nxd8 Rxe1+ 24. Bf1 Rxd8 25. Qc4+ Kf8 26.
Qxc7 Rde8 27. Qxh7 Rb1 28. Qxg6 Ng7 29. Kg2 Ree1 30. h4 Rxf1 31. h5 Rg1+ 32.
Kf3 Rb6 33. Qg5 Rh1 34. g4 Kf7 35. Kg2 Rbb1 36. Qg6+ Kf8 37. h6 Nh5 38. Qf5+
Kg8 39. gxh5 Rhg1+ 40. Kf3 Rb6 41. Ke2 Kh8 42. Qe5+ Kh7 43. Qb8 Re6+ 44. Kd2
Re7 45. Qf8 Rge1 46. c4 R7e2+ 47. Kc3 Rc1+ 48. Kd4 Rg1 49. a4 Rb2 50. a5 a6 51.
Kc3 Rbb1 52. d4 Ra1 53. d5 Rac1+ 54. Kd4 Rb1 55. Kc5 Ra1 56. Kb6 Rac1 57. d6
Rcd1 58. d7 Rg8 59. Qxg8+ 1-0

[Event "Eesti MV valik"]
[Site "?"]
[Date "2004.??.??"]
[Round "?"]
[White "Volodin, Aleksander"]
[Black "Veingold, Aleksander"]
[Result "0-1"]
[WhiteElo "2180"]
[BlackElo "2473"]
[PlyCount "100"]

1. d4 Nf6 2. Bg5 d5 3. Nd2 c5 4. dxc5 Na6 5. e4 Nxc5 6. Bxf6 gxf6 7. Qh5 Qb6 8.
O-O-O Rg8 9. Qe2 dxe4 10. Nxe4 Bh6+ 11. Kb1 Bd7 12. Nxc5 Qxc5 13. Nf3 O-O-O 14.
g3 Bb5 15. Bh3+ e6 16. Qe4 Bc6 17. Qe2 f5 18. Bg2 Bg7 19. Nh4 Qb6 20. c3 Bxc3
21. Qc2 Bf6 22. Bxc6 Qxc6 23. Qxc6+ bxc6 24. Ng2 Rxd1+ 25. Rxd1 Rd8 26. Rxd8+
Kxd8 27. Kc2 Bd4 28. f3 Bg1 29. h3 Bf2 30. g4 fxg4 31. fxg4 Ke7 32. Kd3 Kf6 33.
Ke4 Kg5 34. b3 Bg3 35. Kf3 Bd6 36. h4+ Kg6 37. Ne3 f6 38. Nc4 Bc7 39. Ne3 h5
40. gxh5+ Kxh5 41. Nc2 Bb6 42. Nb4 c5 43. Nd3 Kxh4 44. Nf4 e5 45. Nd5 f5 46.
Ne7 Kg5 47. Nc6 e4+ 48. Ke2 f4 49. a4 f3+ 50. Kf1 e3 0-1

[Event "Eesti MV valik"]
[Site "?"]
[Date "2004.??.??"]
[Round "?"]
[White "Tsiganova, Monika"]
[Black "Siemer, Tambet"]
[Result "1-0"]
[WhiteElo "2289"]
[BlackElo "2143"]
[PlyCount "99"]

1. d4 Nf6 2. c4 e6 3. Nc3 d5 4. cxd5 exd5 5. Bg5 Nbd7 6. e3 Be7 7. Bd3 O-O 8.
Qc2 c6 9. Nge2 Re8 10. O-O h6 11. Bf4 Nh5 12. Nxd5 Nxf4 13. Nxe7+ Qxe7 14. Nxf4
Nf6 15. a3 Bg4 16. h3 Bd7 17. Rac1 g5 18. Ne2 Nh5 19. Qc5 Qf6 20. Bb1 Rad8 21.
Qc2 Bc8 22. Qh7+ Kf8 23. Nc3 g4 24. Ne4 Rxe4 25. Bxe4 gxh3 26. Rc5 hxg2 27.
Rfc1 Ng7 28. Kxg2 Ke7 29. Rh1 h5 30. Re5+ Be6 31. f4 Kd6 32. Rg5 Ne8 33. Rhxh5
Kc7 34. Bf3 Nd6 35. Kf2 Nc4 36. Rh6 Qe7 37. Qc2 Bd5 38. e4 Be6 39. Qc3 Kb8 40.
Rc5 Nb6 41. Ra5 Nc4 42. Rc5 Nb6 43. b3 f5 44. Re5 Qxa3 45. Rhxe6 Qa2+ 46. Be2
fxe4 47. Re8 Rxe8 48. Rxe8+ Kc7 49. Re7+ Kc8 50. Qh3+ 1-0

[Event "Eesti MV valik"]
[Site "?"]
[Date "2004.??.??"]
[Round "?"]
[White "Zjukin, Sergei"]
[Black "Korstin, Maris"]
[Result "1-0"]
[WhiteElo "2377"]
[BlackElo "2208"]
[PlyCount "113"]

1. e4 c5 2. Nf3 Nc6 3. d4 cxd4 4. Nxd4 Qc7 5. Nb5 Qb8 6. c4 a6 7. N5c3 e6 8.
Be3 Nf6 9. Be2 Qd6 10. O-O Qxd1 11. Rxd1 d6 12. f3 Be7 13. Na4 Bd7 14. Nb6 Rd8
15. Nc3 Bc8 16. a3 Nd7 17. b4 Bf6 18. Rac1 Nd4 19. Rxd4 Nxb6 20. Rd2 Na8 21. g3
O-O 22. Bf4 Bxc3 23. Rxc3 e5 24. Be3 Be6 25. c5 dxc5 26. Rxd8 Rxd8 27. Rxc5 f6
28. b5 axb5 29. Rxb5 Rd7 30. f4 exf4 31. gxf4 g6 32. Kf2 Kg7 33. Bf3 Rc7 34. e5
fxe5 35. fxe5 Rc2+ 36. Ke1 Nc7 37. Rxb7 Kf8 38. a4 Nd5 39. Bh6+ Ke8 40. a5 Ra2
41. Rb5 Nc3 42. Rc5 Ra1+ 43. Kd2 Nb1+ 44. Kc2 Na3+ 45. Kc3 Nb5+ 46. Rxb5 Ra3+
47. Kb4 Rxf3 48. a6 Rb3+ 49. Kc5 Rxb5+ 50. Kxb5 Bd5 51. Kc5 Ba8 52. Kd6 Bf3 53.
e6 Be2 54. a7 Bf3 55. Bg5 Bg2 56. Kc7 h6 57. Bf6 1-0

[Event "Eesti MV valik"]
[Site "?"]
[Date "2004.??.??"]
[Round "?"]
[White "Karjakin, Sergei"]
[Black "Kuusk, Indrek"]
[Result "0-1"]
[WhiteElo "2217"]
[BlackElo "2248"]
[PlyCount "54"]

1. Nf3 d5 2. d4 Nf6 3. c4 c6 4. Nc3 dxc4 5. e4 b5 6. e5 Nd5 7. a4 e6 8. axb5
Nxc3 9. bxc3 cxb5 10. Ng5 Bb7 11. Be2 Be7 12. Bf3 Bd5 13. h4 a5 14. Rh3 Nc6 15.
Rg3 b4 16. Ne4 Kf8 17. Bg5 bxc3 18. Nd6 c2 19. Qd2 Rb8 20. Qf4 Rb1+ 21. Ke2
Nxd4+ 22. Qxd4 Bxg5 23. Bxd5 c1=Q 24. Rxb1 Qxb1 25. Rf3 exd5 26. Rxf7+ Kg8 27.
Qa7 Qd3+ 0-1

[Event "Eesti MV valik"]
[Site "?"]
[Date "2004.??.??"]
[Round "?"]
[White "Firstov, Juri"]
[Black "Zhavoronkov, Vladimir"]
[Result "1-0"]
[WhiteElo "2162"]
[BlackElo "2397"]
[PlyCount "59"]

1. Nf3 Nf6 2. d4 d5 3. Bg5 c5 4. Bxf6 gxf6 5. c4 Qa5+ 6. Nc3 dxc4 7. d5 f5 8.
Nd2 Bg7 9. e3 Bxc3 10. bxc3 Qxc3 11. Bxc4 Rg8 12. Rc1 Qa5 13. Qh5 Nd7 14. d6
Rg6 15. Qxh7 e6 16. Qh4 Qd8 17. Qh8+ Nf8 18. Bb5+ Bd7 19. Bxd7+ Qxd7 20. Rxc5
Qxd6 21. Qc3 Rd8 22. g3 Nd7 23. Rc8 Ne5 24. O-O f6 25. Rxd8+ Qxd8 26. f4 Nc6
27. Nb3 Rg7 28. Nc5 Kf7 29. Nxb7 Qb6 30. Qxc6 1-0

[Event "Eesti MV valik"]
[Site "?"]
[Date "2004.??.??"]
[Round "?"]
[White "Shlykov, Vitali"]
[Black "Dubrovin, Robert"]
[Result "1-0"]
[WhiteElo "2229"]
[BlackElo "2219"]
[PlyCount "59"]

1. e4 c5 2. Nf3 d6 3. d4 Nf6 4. Nc3 cxd4 5. Nxd4 a6 6. Be3 Nc6 7. Bc4 Ng4 8.
Nxc6 bxc6 9. Bc1 Qb6 10. O-O g6 11. Be2 Nf6 12. Be3 Qc7 13. f4 Bg7 14. Bf3 Bb7
15. Na4 Nd7 16. c4 c5 17. Rc1 O-O 18. b3 Rfd8 19. Bd2 Nb8 20. Nc3 e6 21. f5 Qe7
22. Qe1 Bf6 23. e5 Bxe5 24. f6 Qc7 25. Bxb7 Qxb7 26. Qh4 h5 27. Bh6 Nd7 28. Bg7
Bd4+ 29. Kh1 Be3 30. Qg3 1-0

[Event "Eesti MV valik"]
[Site "?"]
[Date "2004.??.??"]
[Round "?"]
[White "Syskov, Vjacheslav"]
[Black "Valner, Uku"]
[Result "1-0"]
[WhiteElo "2215"]
[BlackElo "1947"]
[PlyCount "35"]

1. e4 c5 2. Nf3 d6 3. d4 cxd4 4. Nxd4 Nf6 5. f3 g6 6. Be3 Bg7 7. Qd2 O-O 8. c4
Nc6 9. Nc3 Nxd4 10. Bxd4 Be6 11. Be2 a6 12. O-O Rc8 13. b3 Qa5 14. Rfd1 Rfd8
15. Kh1 Qc7 16. Rac1 Bd7 17. Bxf6 exf6 18. Nd5 1-0

[Event "Eesti MV valik"]
[Site "?"]
[Date "2004.??.??"]
[Round "?"]
[White "Siemer, Tambet"]
[Black "Tsiganova, Monika"]
[Result "1/2-1/2"]
[WhiteElo "2143"]
[BlackElo "2289"]
[PlyCount "146"]

1. d4 Nf6 2. c4 e6 3. Nc3 Bb4 4. Qc2 O-O 5. a3 Bxc3+ 6. Qxc3 b6 7. Bg5 Bb7 8.
Nf3 h6 9. Bh4 d6 10. e3 Nbd7 11. Be2 Qe8 12. Bxf6 Nxf6 13. O-O Ne4 14. Qc2 f5
15. b4 a5 16. c5 axb4 17. axb4 bxc5 18. bxc5 Qc6 19. Rac1 Ba6 20. Rfd1 Bxe2 21.
Qxe2 Qd5 22. Rc2 Ra3 23. Rdc1 Kh7 24. Nd2 Nxd2 25. Qxd2 Rfa8 26. h3 Ra2 27. Qb4
Rxc2 28. Rxc2 Ra1+ 29. Kh2 Qe4 30. Qb2 Rd1 31. cxd6 cxd6 32. Rc7 f4 33. Qe2 Qb1
34. exf4 Rxd4 35. Qxe6 Rxf4 36. Qxd6 Qf5 37. Rc5 Qf6 38. Qd3+ Qg6 39. Qe3 Re4
40. Qd2 Qf6 41. Rd5 Qf4+ 42. Qxf4 Rxf4 43. Kg3 g5 44. f3 Ra4 45. Re5 Kg6 46.
Re6+ Kg7 47. Re4 Ra2 48. h4 Kf6 49. Rb4 Ra6 50. Kg4 Kg6 51. h5+ Kf6 52. g3 Rc6
53. Rb7 Rc4+ 54. f4 gxf4 55. gxf4 Rc1 56. Rb6+ Kg7 57. Rg6+ Kh7 58. Kf5 Rc5+
59. Kg4 Rc1 60. Ra6 Kg7 61. Re6 Rh1 62. Rg6+ Kh7 63. f5 Rf1 64. Ra6 Kg7 65. Ra3
Kf6 66. Ra6+ Kg7 67. Rb6 Rf2 68. Rb7+ Kf6 69. Rh7 Rg2+ 70. Kf4 Rf2+ 71. Ke4
Re2+ 72. Kf3 Rh2 73. Kg3 Rxh5 1/2-1/2

[Event "Eesti MV valik"]
[Site "?"]
[Date "2004.??.??"]
[Round "?"]
[White "Zhavoronkov, Vladimir"]
[Black "Firstov, Juri"]
[Result "0-1"]
[WhiteElo "2397"]
[BlackElo "2162"]
[PlyCount "98"]

1. e4 c6 2. Nc3 d5 3. Nf3 Bg4 4. h3 Bh5 5. exd5 cxd5 6. Bb5+ Nc6 7. g4 Bg6 8.
Ne5 Rc8 9. d4 e6 10. h4 f6 11. Nxg6 hxg6 12. Qd3 Kf7 13. Bxc6 Rxc6 14. Bd2 Bb4
15. O-O-O Ne7 16. h5 Bxc3 17. Bxc3 gxh5 18. gxh5 Nf5 19. Qf3 Rc8 20. Rde1 Qd7
21. Qg4 Rce8 22. Rhg1 Kg8 23. Bd2 Qf7 24. Rh1 b6 25. Reg1 Kh7 26. Rh3 Rc8 27.
Kb1 Rcd8 28. Rc3 Rhf8 29. Rf3 Rfe8 30. c3 Kh8 31. Qh3 Kh7 32. Rg6 Rh8 33. Rf4
Kg8 34. Rfg4 Kf8 35. h6 gxh6 36. c4 a5 37. cxd5 Rxd5 38. Qh2 Rd8 39. d5 h5 40.
Rg1 e5 41. f4 Ne7 42. R6g2 e4 43. Bc3 Nxd5 44. Bd4 Nb4 45. b3 Rxd4 46. f5 Qd7
47. Rc1 Rd1 48. Rg1 Qd3+ 49. Ka1 Qc3+ 0-1

[Event "Eesti MV valik"]
[Site "?"]
[Date "2004.??.??"]
[Round "?"]
[White "Kuusk, Indrek"]
[Black "Karjakin, Sergei"]
[Result "1-0"]
[WhiteElo "2248"]
[BlackElo "2217"]
[PlyCount "57"]

1. d4 Nf6 2. c4 g6 3. Nc3 Bg7 4. e4 d6 5. f3 O-O 6. Be3 e5 7. Nge2 c6 8. Qd2
Nbd7 9. O-O-O a6 10. Kb1 b5 11. Nc1 bxc4 12. dxe5 Nxe5 13. Qxd6 Nfd7 14. Be2
Qa5 15. Kc2 Rb8 16. Qa3 Qxa3 17. bxa3 f5 18. f4 Nd3 19. Nxd3 cxd3+ 20. Bxd3
fxe4 21. Bc4+ Kh8 22. Rd6 Nf6 23. h3 Nd5 24. Nxd5 Rb2+ 25. Kc1 cxd5 26. Bxd5
Bf5 27. Re1 Rfb8 28. Kd1 Bf8 29. Bd4+ 1-0

[Event "Eesti MV valik"]
[Site "?"]
[Date "2004.??.??"]
[Round "?"]
[White "Dubrovin, Robert"]
[Black "Shlykov, Vitali"]
[Result "1/2-1/2"]
[WhiteElo "2219"]
[BlackElo "2229"]
[PlyCount "81"]

1. e4 e6 2. d4 d5 3. Nd2 Nf6 4. e5 Nfd7 5. Bd3 c5 6. c3 Nc6 7. Ne2 cxd4 8. cxd4
f6 9. exf6 Nxf6 10. O-O Bd6 11. Nf3 O-O 12. Bf4 Bxf4 13. Nxf4 Ne4 14. g3 h6 15.
Ng6 Rxf3 16. Qxf3 Nd2 17. Qh5 Nxf1 18. Rxf1 Bd7 19. Ne5 Be8 20. Nxc6 bxc6 21.
Qe5 Qf6 22. Rc1 Qxe5 23. dxe5 Kf8 24. f4 Ke7 25. Kf2 Rb8 26. Rc2 c5 27. b3 Rc8
28. g4 Rc7 29. Ke3 Bd7 30. h4 Rc8 31. h5 a5 32. f5 a4 33. Kf4 axb3 34. axb3 Rb8
35. fxe6 Rb4+ 36. Ke3 Bxe6 37. Rxc5 Rxg4 38. Rc7+ Kd8 39. Rb7 d4+ 40. Kf3 Rg5
41. Bc4 1/2-1/2

[Event "Eesti MV valik"]
[Site "?"]
[Date "2004.??.??"]
[Round "?"]
[White "Korstin, Maris"]
[Black "Zjukin, Sergei"]
[Result "1/2-1/2"]
[WhiteElo "2208"]
[BlackElo "2377"]
[PlyCount "45"]

1. g3 Nf6 2. Bg2 d5 3. Nf3 c6 4. O-O Bf5 5. d3 e6 6. Nbd2 h6 7. c4 Be7 8. a3 a5
9. b3 O-O 10. Bb2 Bh7 11. Bc3 c5 12. d4 Nc6 13. e3 Ne4 14. Nxe4 Bxe4 15. cxd5
cxd4 16. dxc6 dxc3 17. Qxd8 Bxd8 18. Ne5 Bxc6 19. Bxc6 bxc6 20. Rac1 Be7 21.
Rxc3 Bxa3 22. Nxc6 a4 23. bxa4 1/2-1/2

[Event "Eesti MV valik"]
[Site "?"]
[Date "2004.??.??"]
[Round "?"]
[White "Vovk, Ilja"]
[Black "Seeman, Tarvo"]
[Result "1/2-1/2"]
[WhiteElo "2177"]
[BlackElo "2449"]
[PlyCount "59"]

1. e4 g6 2. d4 Bg7 3. Nc3 c6 4. Be3 d5 5. e5 f6 6. exf6 exf6 7. Qd2 Ne7 8. h4
Nf5 9. Bf4 Qe7+ 10. Nge2 Nd6 11. Bxd6 Qxd6 12. h5 Kf7 13. hxg6+ hxg6 14. Rxh8
Bxh8 15. O-O-O Bg7 16. Nf4 Bh6 17. g3 Bf5 18. Bg2 Nd7 19. Rh1 Rh8 20. Nce2 Bxf4
21. Nxf4 Rxh1+ 22. Bxh1 Nf8 23. Bf3 Ne6 24. Ng2 Ng5 25. Be2 Ne4 26. Qe3 g5 27.
g4 Qh2 28. gxf5 Qxg2 29. f3 Qf2 30. Qxf2 1/2-1/2

[Event "Eesti MV valik"]
[Site "?"]
[Date "2004.??.??"]
[Round "?"]
[White "Valner, Uku"]
[Black "Syskov, Vjacheslav"]
[Result "1/2-1/2"]
[WhiteElo "1947"]
[BlackElo "2215"]
[PlyCount "113"]

1. e4 c5 2. Nc3 Nc6 3. g3 g6 4. Bg2 Bg7 5. f4 d6 6. Nf3 e5 7. d3 Nge7 8. O-O
O-O 9. h3 Rb8 10. g4 f5 11. gxf5 gxf5 12. fxe5 Nxe5 13. Nxe5 Bxe5 14. Bg5 Qe8

15. Kh1 f4 16. Ne2 Ng6 17. Qd2 Bxb2 18. Rab1 Be5 19. Nxf4 Nxf4 20. Bxf4 Bxf4
21. Rxf4 Rxf4 22. Qxf4 Qe5 23. Qh6 Be6 24. Rf1 Re8 25. Bf3 Kh8 26. Bg4 Qg7 27.
Qh5 Rg8 28. a3 b5 29. Rb1 a6 30. Rf1 a5 31. Rb1 b4 32. axb4 cxb4 33. Kg1 Bxg4
34. hxg4 Qxg4+ 35. Qxg4 Rxg4+ 36. Kf2 Kg7 37. Ra1 Rg5 38. d4 Kf6 39. d5 Ke5 40.
Rxa5 Kxe4 41. Rb5 Rxd5 42. Rxb4+ Rd4 43. Rb7 h5 44. Rh7 Rd5 45. c4 Rc5 46. Rh6
Rf5+ 47. Ke2 Ke5 48. Ke3 Rg5 49. Kf3 Rf5+ 50. Ke3 d5 51. c5 d4+ 52. Kd3 Kd5 53.
c6 Rf3+ 54. Kd2 Rc3 55. Rxh5+ Kxc6 56. Rh8 Rc5 57. Kd3 1/2-1/2

[Event "Eesti MV valik"]
[Site "?"]
[Date "2004.??.??"]
[Round "?"]
[White "Veingold, Aleksander"]
[Black "Volodin, Aleksander"]
[Result "1/2-1/2"]
[WhiteElo "2473"]
[BlackElo "2180"]
[PlyCount "49"]

1. d4 f5 2. g3 g6 3. c4 Bg7 4. Bg2 Nf6 5. Nc3 d6 6. d5 O-O 7. Nh3 Na6 8. O-O
Nc5 9. Qc2 a5 10. Nf4 g5 11. Ne6 Nxe6 12. dxe6 Bxe6 13. Bxg5 c6 14. Rad1 Qb6
15. b3 Rae8 16. Be3 Qa6 17. Bc1 Ng4 18. h3 Ne5 19. f4 Qb6+ 20. Kh2 Nd7 21. e4
Nc5 22. Be3 Qb4 23. Bd2 Qb6 24. Be3 Qb4 25. Bd2 1/2-1/2